Imagen corporativa en el siglo XXI

Guardat en:
Dades bibliogràfiques
Autor principal: Costa, Joan (Autor)
Format: Llibre
Idioma:espanyol
Publicat: La Plata La Crujía 2003
Edició:2a. ed
Col·lecció:Inclusiones Categorías
Matèries:
Etiquetes: Afegir etiqueta
Sense etiquetes, Sigues el primer a etiquetar aquest registre!

MARC

LEADER 00000nam a2200000 a 4500
001 UCI9276
003 CL-VaPUC
008 081106e20030000AG |||||||||||||||||spa|d
020 |a 9871004370 
082 0 4 |a 658.827  |b COS  |2 21 
100 0 |a Costa, Joan  |e author  |9 532903 
245 1 0 |a Imagen corporativa en el siglo XXI 
250 |a 2a. ed 
300 |a 257 p 
942 |c BK 
945 |d 20081106 00:00:00  |a rbrito 
260 |a La Plata  |b La Crujía  |c 2003 
650 0 |a Imagen corporativa  |9 464486 
650 0 |a Marcas comerciales   |9 386702 
650 0 |a Marketing  |9 259324 
650 0 |a Diseño artístico  |9 330956 
650 0 |a Planificación estratégica   |9 259735 
650 0 |a Comunicación   |9 257251 
583 |a last modification  |c 20081106 00:00:00  |k Rodrigo Vera 
490 0 |a Inclusiones Categorías 
999 |c 331843  |d 331841 
952 |0 0  |1 0  |4 0  |6 658_827000000000000_COS_2003  |7 0  |8 A  |9 419005  |a BIBCUR  |b BIBCUR  |d 2019-11-22  |i 449539K  |o 658.827 COS 2003  |p 449539K  |r 2025-04-22  |w 2019-11-22  |y BK  |k MGC